000 01002nam0a2200301 4500
001 RU\NLR\BIBL_A\012093342
005 20190924111851.0
010 _a978-5-17-116282-5
_95000
021 _aRU
_bКН-П-19-059995
_9КН-П-19-4295
035 _a(NLR Aleph) 012093342
035 _a(RuMoRGB)010064724
090 _a11865797
_c11865797
100 _a20190913d2019 u y0rusy50 ca
101 1 _arus
_ceng
102 _aRU
105 _ay z 000ay
200 1 _aРабыня страсти
_eроман
_fБертрис Смолл
_g[пер. с англ. А. М. Медниковой]
210 _aМосква
_cАСТ
_d2019
215 _a413, [1] с.
_d17
225 1 _aСерия "Гарем Бертрис Смолл"
333 _a16+
686 1 _aШ6(7США)67-440.4(Лх1979-50)
700 1 _aСмолл
_bБ.
_f1937-2015
_gБертрис
_3RU\NLR\AUTH\77816
942 _cBOOK
980 _aNBR
980 _aNB